UM Logo

Adventures in a forgotten country/ (Record no. 15673)

MARC details
000 -LEADER
fixed length control field 00500nam a22001457a 4500
008 - FIXED-LENGTH DATA ELEMENTS--GENERAL INFORMATION
fixed length control field 201016b ||||| |||| 00| 0 eng d
082 ## - DEWEY DECIMAL CLASSIFICATION NUMBER
Edition number 1977
Classification number DFil 828
Item number P76
100 ## - MAIN ENTRY--PERSONAL NAME
Personal name Polotan, Kerima
9 (RLIN) 42416
245 ## - TITLE STATEMENT
Title Adventures in a forgotten country/
Statement of responsibility, etc. Kerima Polotan
260 ## - PUBLICATION, DISTRIBUTION, ETC. (IMPRINT)
Place of publication, distribution, etc. Manila, Philippines :
Name of publisher, distributor, etc. Focus Philippines Pub., Co.,Inc.,
Date of publication, distribution, etc. ©1975.
300 ## - PHYSICAL DESCRIPTION
Extent 301 pages;
Dimensions 21 cm.
500 ## - GENERAL NOTE
General note Includes glossary
650 ## - SUBJECT ADDED ENTRY--TOPICAL TERM
Topical term or geographic name as entry element Philippines--Social life and customs--Anecdotes.
9 (RLIN) 42417
942 ## - ADDED ENTRY ELEMENTS (KOHA)
Source of classification or shelving scheme Dewey Decimal Classification
Koha item type Filipiniana
Holdings
Withdrawn status Lost status Source of classification or shelving scheme Damaged status Not for loan Collection code Home library Current library Date acquired Source of acquisition Total Checkouts Full call number Barcode Date last seen Copy number Price effective from Koha item type
    Dewey Decimal Classification     Filipiniana UM Digos College - LIC UM Digos College - LIC 10/16/2020 Purchase   DFil 828 P76 1977 4716 05/15/2025 1 10/16/2020 Filipiniana
    Dewey Decimal Classification     Filipiniana UM Digos College - LIC UM Digos College - LIC 10/16/2020 Purchase   DFil 828 P76 1977 4717 05/15/2025 2 10/16/2020 Filipiniana
    Dewey Decimal Classification     Filipiniana UM Digos College - LIC UM Digos College - LIC 10/16/2020 Purchase   DFil 828 P76 1977 4718 05/15/2025 3 10/16/2020 Filipiniana